[Event "U.S. Amateur North"]
[Site "Detroit, MI"]
[Date "1998.??.??"]
[Round "?"]
[White "Bezrutch, B."]
[Black "Moore, Martin"]
[Result "1-0"]
[WhiteElo "1605"]
[BlackElo "1605"]
[PlyCount "155"]
[EventDate "1998.05.??"]

{5/23} 1. e4 e5 2. Nf3 Nc6 3. Bb5 Bc5 4. O-O Qe7 5. Nc3 Nf6 6. d3 h6 7. Be3 a6
8. Bxc6 dxc6 9. h3 g5 10. d4 Bd6 11. dxe5 Bxe5 12. Nxe5 Qxe5 13. Bd4 Qd6 14.
Qf3 Ke7 15. Rfe1 Rg8 16. Qf5 Ne8 17. Qh7 Kf8 18. Rad1 b6 19. Ne2 Qg6 20. Qxg6
Rxg6 21. Ng3 Ng7 22. Bxg7+ Kxg7 23. Rd8 Rd6 24. Re8 Re6 25. Nf5+ Kh7 26. Rf8
Rf6 27. Rd1 Bb7 28. Rxa8 Bxa8 29. Rd7 c5 30. f3 Bc6 31. Rxc7 Bb5 32. Kf2 Kg6
33. Rb7 Bc4 34. b3 Be6 35. Rxb6 Bxf5 36. Rxf6+ Kxf6 37. exf5 Kxf5 38. Ke3 Ke5
39. c3 f5 40. b4 Kd5 41. Kd3 cxb4 42. cxb4 h5 43. a4 g4 44. b5 a5 45. f4 Kc5
46. b6 Kxb6 47. Kd4 Kc6 48. Ke5 Kc5 49. Kxf5 Kd4 50. Ke6 Ke3 51. f5 Kf2 52. f6
Kxg2 53. f7 g3 54. f8=Q Kh2 55. Qf1 g2 56. Qf2 Kh1 57. h4 g1=Q 58. Qxg1+ Kxg1
59. Kf5 Kf2 60. Kg5 Ke3 61. Kxh5 Ke4 62. Kg6 Ke5 63. h5 Kd5 64. h6 Kc5 65. h7
Kb4 66. h8=Q Kxa4 67. Qa1+ Kb4 68. Qa2 a4 69. Kf5 a3 70. Ke4 Ka4 71. Kd3 Kb4
72. Kd4 Ka4 73. Kc4 Ka5 74. Qxa3+ Kb6 75. Kb4 Kb7 76. Kb5 Kb8 77. Kc6 Kc8 78.
Qf8# 1-0

[Event "U.S. Amateur North"]
[Site "Detroit, MI"]
[Date "1998.??.??"]
[Round "?"]
[White "Bezrutch, B."]
[Black "Biondo, S."]
[Result "1-0"]
[WhiteElo "1605"]
[BlackElo "1605"]
[PlyCount "25"]
[EventDate "1998.05.??"]

{5/23} 1. e4 e5 2. Nf3 Nc6 3. d4 f6 4. Bc4 Nge7 5. O-O d6 6. Nc3 Bg4 7. h3 Bd7
8. dxe5 dxe5 9. Be3 Ng6 10. Nd5 Nce7 11. Qd2 Nxd5 12. Qxd5 Bc6 13. Qf7# 1-0

[Event "Kalamazoo Mini-Swiss.2"]
[Site "Kalamazoo, MI"]
[Date "1998.??.??"]
[Round "?"]
[White "Besher, Al"]
[Black "Van Den Abell, Tom"]
[Result "1-0"]
[WhiteElo "1605"]
[BlackElo "1605"]
[PlyCount "59"]
[EventDate "1998.??.??"]

1. e4 e6 2. d4 d5 3. e5 c5 4. c3 Nc6 5. Nf3 f6 6. Bb5 Bd7 7. Bxc6 Bxc6 8. O-O
Ne7 9. Nh4 f5 10. Bg5 Qd7 11. Qh5+ g6 12. Qf3 Nc8 13. Bf6 Rg8 14. Re1 Be7 15.
Qg3 Nb6 16. b3 O-O-O 17. dxc5 Na8 18. Bxe7 Qxe7 19. b4 Nc7 20. a4 d4 21. c4 d3
22. Nf3 Ne8 23. Nc3 Bxf3 24. Qxf3 Rd4 25. Nb5 Kb8 26. Nxd4 Nc7 27. c6 Qxb4 28.
cxb7 Qxc4 29. Nc6+ Kxb7 30. Na5+ 1-0

[Event "Michigan Amateur"]
[Site "Kalamazoo "]
[Date "1998.??.??"]
[Round "?"]
[White "Besher, Al"]
[Black "Pash, S."]
[Result "1-0"]
[WhiteElo "1605"]
[BlackElo "1605"]
[PlyCount "59"]
[EventDate "1998.07.??"]

{7/19} 1. e4 d6 2. Bc4 h6 3. c3 Nf6 4. d3 Nc6 5. h3 e5 6. Ne2 Bd7 7. O-O Na5 8.
Bb3 g5 9. f3 Bg7 10. Bc2 d5 11. b4 Nc6 12. Ba3 Ne7 13. Bb3 Ng6 14. exd5 h5 15.
Qe1 Qb8 16. f4 c6 17. fxg5 Nxd5 18. Ng3 Be6 19. Nf5 Bf8 20. d4 Ndf4 21. Bxe6 b5
22. Bb3 Qb7 23. dxe5 c5 24. Nd6+ Bxd6 25. exd6+ Kf8 26. Rxf4 Nxf4 27. Qe7+ Qxe7
28. dxe7+ Kxe7 29. bxc5 Rad8 30. c6+ 1-0

[Event "Kalamazoo Mini-Swiss.2"]
[Site "Kalamazoo, MI"]
[Date "1998.??.??"]
[Round "?"]
[White "Besher, Al"]
[Black "Miller, Doug"]
[Result "1-0"]
[WhiteElo "1605"]
[BlackElo "1605"]
[PlyCount "44"]
[EventDate "1998.??.??"]

1. e4 c5 2. g3 Nc6 3. Nf3 d6 4. Bb5 Bd7 5. O-O a6 6. Bxc6 Bxc6 7. b3 Bxe4 8.
Nc3 Bc6 9. d4 Nf6 10. dxc5 dxc5 11. Qxd8+ Rxd8 12. Ne5 g6 13. Nxc6 bxc6 14. Bg5
Bg7 15. Rad1 O-O 16. Bxf6 Bxf6 17. Ne4 Rd5 18. Rxd5 cxd5 19. Nxc5 Rc8 20. Nxa6
Rxc2 21. Nb4 Rd2 22. a4 e6 1-0

[Event "U.S. Amateur North"]
[Site "Detroit, MI"]
[Date "1998.??.??"]
[Round "?"]
[White "Berry, DeMarcus"]
[Black "Tobias, J."]
[Result "1-0"]
[WhiteElo "1605"]
[BlackElo "1605"]
[PlyCount "85"]
[EventDate "1998.05.??"]

{5/23} 1. e4 e5 2. d4 d6 3. dxe5 dxe5 4. Qxd8+ Kxd8 5. Nc3 Nf6 6. Bg5 Be7 7.
O-O-O+ Bd7 8. Nf3 Nc6 9. Bc4 Ke8 10. Rd2 h6 11. Bh4 Be6 12. Bxe6 fxe6 13. a3
Kf7 14. Bg3 Rhd8 15. Rhd1 g5 16. Bxe5 Rxd2 17. Rxd2 g4 18. Bxf6 Bxf6 19. Ne1
Bg5 20. Kd1 Bxd2 21. Kxd2 e5 22. Nb5 Rd8+ 23. Kc1 Rd7 24. Nd3 a6 25. Nc3 Ke6
26. Nc5+ Ke7 27. Nxd7 Kxd7 28. Kd2 Nd4 29. Nd5 Kd6 30. Nf6 h5 31. Nxh5 Ke6 32.
Ng3 Kf6 33. Ne2 c5 34. Ng1 Kg5 35. f3 gxf3 36. Nxf3+ Nxf3+ 37. gxf3 Kf4 38. h4
b5 39. Ke2 a5 40. Kf2 a4 41. Ke2 b4 42. Kd3 b3 43. cxb3 1-0

[Event "U.S. Amateur North"]
[Site "Detroit, MI"]
[Date "1998.??.??"]
[Round "?"]
[White "Berry, DeMarcus"]
[Black "Schey, Danny"]
[Result "0-1"]
[WhiteElo "1605"]
[BlackElo "1735"]
[PlyCount "76"]
[EventDate "1998.05.??"]

{5/24} 1. e4 d5 2. exd5 Nf6 3. c4 e6 4. dxe6 Bxe6 5. d4 Bb4+ 6. Nc3 Qe7 7. Qe2
Nc6 8. Be3 Ne4 9. Rc1 Bf5 10. Nf3 O-O-O 11. Qd1 g5 12. h3 Ng3 13. fxg3 Qxe3+
14. Be2 g4 15. hxg4 Bxg4 16. Qd2 Qe7 17. a3 Bd6 18. Kd1 Bxf3 19. Bxf3 Nxd4 20.
Nd5 Qe5 21. Re1 Qg7 22. c5 Bxg3 23. Qb4 Nxf3 24. gxf3 Bxe1 25. Kxe1 Rxd5 26.
Kf2 Qd4+ 27. Qxd4 Rxd4 28. Ke3 Rhd8 29. Rc3 h5 30. b4 h4 31. b5 h3 32. c6 bxc6
33. bxc6 h2 34. Rc1 Rd1 35. Rc2 h1=Q 36. Rb2 Re8+ 37. Kf4 Qh6+ 38. Kg3 Rg1+ 0-1

[Event "U.S. Amateur North"]
[Site "Detroit, MI"]
[Date "1998.??.??"]
[Round "?"]
[White "Berry, DeMarcus"]
[Black "Reid, Ricky"]
[Result "1-0"]
[WhiteElo "1605"]
[BlackElo "1605"]
[PlyCount "49"]
[EventDate "1998.05.??"]

{5/23} 1. e4 c5 2. d4 cxd4 3. c3 dxc3 4. Nxc3 Nc6 5. Nf3 e6 6. Bc4 Bb4 7. Bd2
Nge7 8. a3 Ba5 9. O-O O-O 10. Bd3 Bxc3 11. Bxc3 d5 12. exd5 exd5 13. Nd4 Nxd4
14. Bxd4 Nc6 15. Bc3 d4 16. Bd2 Ne5 17. Bb1 Bg4 18. Qb3 Be2 19. Qh3 d3 20. Re1
Nc4 21. Rxe2 f5 22. Bxd3 Nxb2 23. Bxf5 g6 24. Be6+ Rf7 25. Bxf7+ 1-0

[Event "Kalamazoo Mini-Swiss.3"]
[Site "Kalamazoo, MI"]
[Date "1998.??.??"]
[Round "?"]
[White "Bernal, H."]
[Black "Wright, S."]
[Result "1-0"]
[WhiteElo "1605"]
[BlackElo "1605"]
[PlyCount "108"]
[EventDate "1998.??.??"]

1. d4 d5 2. Nf3 Nf6 3. e3 Bg4 4. Bd3 e6 5. h3 Bh5 6. Nbd2 Nc6 7. c3 Bd6 8. O-O
e5 9. Be2 e4 10. Nh2 Bxe2 11. Qxe2 Ne7 12. f3 O-O 13. fxe4 Nxe4 14. Nxe4 dxe4
15. b4 Nd5 16. Bb2 Qg5 17. Ng4 f5 18. Ne5 Nxe3 19. Bc1 f4 20. Bxe3 fxe3 21.
Qc4+ Kh8 22. Nf7+ Rxf7 23. Rxf7 Qg3 24. Kf1 Bf4 25. Qe2 Kg8 26. Rf5 g6 27. Rf6
Kg7 28. Rxf4 Qxf4+ 29. Kg1 Rf8 30. Rf1 Qg3 31. Rxf8 Kxf8 32. c4 Ke7 33. c5 h5
34. d5 a6 35. a4 Qg5 36. Qc4 Kd7 37. Qxe4 Qg3 38. Qf3 Qe1+ 39. Kh2 Qf2 40. c6+
bxc6 41. dxc6+ Kd6 42. Qe4 e2 43. Qxg6+ Kd5 44. Qxh5+ Kxc6 45. b5+ axb5 46.
Qxb5+ Kd6 47. Qb4+ Kd7 48. Qb5+ c6 49. Qb7+ Kd6 50. Qb8+ Kd5 51. Qd8+ Kc5 52.
Qe7+ Kd5 53. Qd7+ Ke5 54. Qe7+ Kd5 1-0

[Event "Kalamazoo Mini-Swiss.2"]
[Site "Kalamazoo, MI"]
[Date "1998.??.??"]
[Round "?"]
[White "Bernal, H."]
[Black "Krzyston, Joe"]
[Result "1-0"]
[WhiteElo "1605"]
[BlackElo "1605"]
[PlyCount "57"]
[EventDate "1998.??.??"]

1. d4 Nf6 2. Nf3 g6 3. e3 h6 4. Bd3 Nc6 5. O-O Bg7 6. h3 Nb4 7. Bc4 d5 8. Bb3
Ne4 9. a3 Nc6 10. Nbd2 Be6 11. Ba2 Qd7 12. c3 g5 13. Nxe4 dxe4 14. Nh2 h5 15.
d5 O-O-O 16. c4 Ne5 17. f3 Bxh3 18. gxh3 g4 19. fxe4 g3 20. Qe2 Qxh3 21. Nf3 h4
22. Ng5 Qg4 23. Qxg4+ Nxg4 24. Nxf7 Rdf8 25. Bd2 h3 26. Rf3 Ne5 27. Nxe5 Bxe5
28. Rf5 Rxf5 29. exf5 {[Remainder illegible]} 1-0

[Event "Kalamazoo Mini-Swiss.2"]
[Site "Kalamazoo, MI"]
[Date "1998.??.??"]
[Round "?"]
[White "Bennett, D."]
[Black "Moore, Robert"]
[Result "0-1"]
[WhiteElo "1605"]
[BlackElo "1605"]
[PlyCount "82"]
[EventDate "1998.??.??"]

1. c4 g6 2. g3 Bg7 3. Bg2 d6 4. e3 c5 5. Ne2 Nc6 6. O-O Nf6 7. d3 O-O 8. Nbc3
a6 9. a4 Rb8 10. Qb3 Qc7 11. Nf4 Bf5 12. Ncd5 Nxd5 13. Nxd5 Qd8 14. Bd2 e6 15.
Nb6 Bxd3 16. a5 Bxf1 17. Rxf1 Qc7 18. f4 Rfe8 19. Bxc6 Qxc6 20. Qd3 Bxb2 21. g4
Rbd8 22. f5 exf5 23. gxf5 Qe4 24. Qe2 g5 25. f6 Re5 26. Nd5 Rxd5 27. cxd5 Qg6
28. Qf3 Be5 29. Be1 c4 30. Rf2 c3 31. h4 g4 32. Qe2 h5 33. e4 Bd4 34. Qc2 Bxf2+
35. Bxf2 Qxf6 36. Be1 Rc8 37. Bg3 Rc5 38. Be1 Rc4 39. e5 Qxe5 40. Bf2 g3 41.
Bb6 Qe1+ 0-1

[Event "Kalamazoo Mini-Swiss.2"]
[Site "Kalamazoo, MI"]
[Date "1998.??.??"]
[Round "?"]
[White "Bennett, D."]
[Black "Miller, Doug"]
[Result "1/2-1/2"]
[WhiteElo "1605"]
[BlackElo "1605"]
[PlyCount "89"]
[EventDate "1998.??.??"]

1. d4 d5 2. c4 c6 3. cxd5 cxd5 4. Nc3 g6 5. Bf4 Bg7 6. e3 Nf6 7. Bb5+ Nc6 8.
Nf3 O-O 9. O-O Nh5 10. Bxc6 bxc6 11. Be5 f6 12. Bg3 Nxg3 13. hxg3 Bg4 14. Qa4
Bd7 15. Qa3 Re8 16. e4 e6 17. e5 Bf8 18. Qb3 Rb8 19. Qc2 f5 20. Rac1 c5 21.
dxc5 Bxc5 22. Nxd5 Bxf2+ 23. Rxf2 exd5 24. Qd2 Be6 25. Ng5 Qb6 26. Nxe6 Qxe6
27. Rd1 Rbd8 28. Re2 Qb6+ 29. Kh2 d4 30. b4 Rd5 31. a3 Qb8 32. Qa2 Rexe5 33.
Rxd4 Rxe2 34. Qxd5+ Kg7 35. Qd7+ Kh6 36. Rh4+ Kg5 37. Qxh7 Qa8 38. Qh6+ Kf6 39.
Qh8+ Qxh8 40. Rxh8 Ra2 41. Rc8 Rxa3 42. Rc6+ Kg5 43. b5 Rb3 44. Ra6 Rxb5 45.
Rxa7 1/2-1/2

[Event "Kalamazoo Mini-Swiss.2"]
[Site "Kalamazoo, MI"]
[Date "1998.??.??"]
[Round "?"]
[White "Bennett, D."]
[Black "Krzyston, Joe"]
[Result "1-0"]
[WhiteElo "1605"]
[BlackElo "1605"]
[PlyCount "70"]
[EventDate "1998.??.??"]

1. Nf3 Nf6 2. g3 d5 3. Bg2 Nc6 4. d3 e5 5. O-O Bg4 6. h3 Bxf3 7. Bxf3 e4 8.
dxe4 dxe4 9. Qxd8+ Rxd8 10. Bg2 Bd6 11. Bg5 O-O 12. Bxf6 gxf6 13. Bxe4 Rfe8 14.
Bf3 Nd4 15. Nd2 Nxe2+ 16. Kg2 Kh8 17. Ne4 Be5 18. c3 Rg8 19. Bxe2 f5 20. Nc5
Rd2 21. Kf3 Rxb2 22. Nd7 Bd6 23. Nf6 Rg6 24. Nd5 c6 25. Nb4 h5 26. h4 a5 27.
Nd3 Rc2 28. Rfc1 Rxc1 29. Rxc1 b5 30. Nf4 Rh6 31. Kg2 Bxf4 32. gxf4 Rg6+ 33.
Kf3 Kg7 34. Bd3 Kf6 35. Rh1 Ke6 1-0

[Event "Michigan Open"]
[Site "Flint, MI"]
[Date "1998.??.??"]
[Round "?"]
[White "Belill, Nathan"]
[Black "Williams, Ron"]
[Result "0-1"]
[WhiteElo "1605"]
[BlackElo "1840"]
[PlyCount "36"]
[EventDate "1998.09.??"]

{9/7} 1. e4 c5 2. Nf3 Nc6 3. d4 cxd4 4. Nxd4 e6 5. Bb5 Qc7 6. Bxc6 bxc6 7. c4
Nf6 8. f3 Bd6 9. g3 Ba6 10. b3 c5 11. Nc2 Be5 12. Ba3 d5 13. exd5 exd5 14. cxd5
O-O 15. f4 Bxf4 16. gxf4 Qxf4 17. Bxc5 Rfe8+ 18. Be3 Rxe3+ 0-1

[Event "Michigan Open"]
[Site "Flint, MI"]
[Date "1998.??.??"]
[Round "?"]
[White "Belill, Nathan"]
[Black "Sobocinski, Mike"]
[Result "0-1"]
[WhiteElo "1605"]
[BlackElo "2005"]
[PlyCount "120"]
[EventDate "1998.09.??"]

{9/6} 1. d4 d5 2. c4 e6 3. Nc3 Nf6 4. e3 Be7 5. Nf3 O-O 6. Bd3 c6 7. Qc2 Nbd7
8. Bd2 Qc7 9. cxd5 exd5 10. O-O Bd6 11. h3 h6 12. a3 Re8 13. Rfc1 a6 14. b4 Nb6
15. Na4 Nxa4 16. Qxa4 Be6 17. Qc2 Rac8 18. a4 Qe7 19. Qb2 Bd7 20. Bc3 Ne4 21.
Bxe4 Qxe4 22. Qc2 Bxh3 23. Qxe4 dxe4 24. Ne5 Be6 25. Bd2 Bxe5 26. dxe5 Rcd8 27.
Bc3 Bd5 28. Bd4 Re6 29. Rf1 f6 30. exf6 gxf6 31. g3 Bc4 32. Rfe1 Kf7 33. Rac1
Bd3 34. a5 h5 35. Rcd1 Rg8 36. Kh2 f5 37. Kg2 Reg6 38. Rd2 Ke6 39. Rh1 Rg5 40.
Rh4 R8g6 41. Rb2 Rh6 42. Bc5 Rg4 43. Rxg4 fxg4 44. Bb6 Kd5 45. Bc5 Kc4 46. Bb6
Rh7 47. Bd4 Kb5 48. Bc5 Ka4 49. Rd2 Rd7 50. Kg1 Kb3 51. Rd1 Kc2 52. Ra1 Be2 53.
Ra2+ Kd3 54. Ra3+ Kc4 55. Ra1 Bf3 56. Kf1 Rh7 57. Ke1 h4 58. gxh4 Rxh4 59. Kd2
Rh2 60. Rf1 g3 0-1

[Event "Michigan Open"]
[Site "Flint, MI"]
[Date "1998.??.??"]
[Round "?"]
[White "Belill, Nathan"]
[Black "Skidmore, Mike"]
[Result "1/2-1/2"]
[WhiteElo "1605"]
[BlackElo "1895"]
[PlyCount "120"]
[EventDate "1998.09.??"]

{9/6} 1. e4 c6 2. d4 d5 3. e5 Bf5 4. Nf3 e6 5. c4 Bxb1 6. Rxb1 Qa5+ 7. Bd2 Qd8
8. cxd5 Qxd5 9. b3 Ne7 10. Qc2 Nf5 11. Bc3 Qd8 12. Bd3 Ne7 13. O-O Nd5 14. Nd2
Nxc3 15. Qxc3 Nd7 16. f4 Nb6 17. Be4 Nd5 18. Qf3 Qb6 19. Qf2 Nc3 20. Rb2 Qxd4
21. Qxd4 Ne2+ 22. Kh1 Nxd4 23. Nf3 O-O-O 24. Ng5 Rd7 25. Rd2 Bc5 26. Rc1 Bb6
27. Rcd1 Rhd8 28. Nxh7 Rh8 29. Ng5 Ne2 30. Nh3 Rxd2 31. Rxd2 Nc3 32. Bf3 Nd5
33. Ng5 Rf8 34. g3 Ne3 35. Bg2 Nf5 36. Bh3 Nh6 37. Kg2 Be3 38. Rd6 Bc5 39. Rd3
Be7 40. Ne4 Ng8 41. Kf3 Kc7 42. g4 f6 43. exf6 gxf6 44. Ke2 f5 45. Ng5 Bxg5 46.
fxg5 Ne7 47. gxf5 exf5 48. Bg2 Ng6 49. Kf2 Ne5 50. Rd1 f4 51. Bf3 Rh8 52. Rh1
Rh3 53. Be4 Re3 54. Bf5 Rf3+ 55. Ke2 Re3+ 56. Kf2 Rf3+ 57. Kg2 Re3 58. Kf2 Rf3+
59. Kg2 Rc3 60. Kf2 Rf3+ 1/2-1/2

[Event "Michigan Class D/E"]
[Site "Grand Rapids, MI"]
[Date "1998.??.??"]
[Round "?"]
[White "Belill, Nathan"]
[Black "Ryskamp, John"]
[Result "1/2-1/2"]
[WhiteElo "1605"]
[BlackElo "1605"]
[PlyCount "108"]
[EventDate "1998.01.??"]

1. e4 e6 2. d4 d5 3. exd5 exd5 4. Nf3 Bd6 5. Bg5 Nf6 6. Bd3 Be6 7. Nc3 O-O 8.
Qd2 g6 9. O-O-O Bb4 10. a3 Bxc3 11. Qxc3 Nbd7 12. Ne5 Qc8 13. f4 Nxe5 14. dxe5
Nd7 15. Bh6 Re8 16. Rdf1 c5 17. f5 d4 18. Qe1 Bd5 19. Qf2 Nxe5 20. fxg6 Nxd3+
21. cxd3 fxg6 22. Qf6 Qc7 23. Rf2 Qe7 24. Qf4 Qe5 25. Rhf1 Qxf4+ 26. Bxf4 Rf8
27. g3 Rac8 28. Be5 Rxf2 29. Rxf2 a6 30. Rc2 Bb3 31. Rf2 c4 32. Bxd4 cxd3+ 33.
Bc3 Bc2 34. Kd2 Rf8 35. Rxf8+ Kxf8 36. h4 Kf7 37. Be5 Ke6 38. Bf4 Kd5 39. Bg5
b5 40. Bf4 a5 41. Bg5 Kc4 42. Bf6 b4 43. axb4 axb4 44. Be5 h5 45. Bf6 Kd5 46.
Bg5 Ke4 47. Bf4 Kf5 48. Bd6 b3 49. Bf4 Kg4 50. Ke3 Kf5 51. Kd4 Kg4 52. Ke3 Kh3
53. Kf3 Bd1+ 54. Ke3 Bc2 1/2-1/2

[Event "Michigan Amateur"]
[Site "Kalamazoo "]
[Date "1998.??.??"]
[Round "?"]
[White "Belill, Nathan"]
[Black "Lynem, Charles"]
[Result "1-0"]
[WhiteElo "1605"]
[BlackElo "1605"]
[PlyCount "49"]
[EventDate "1998.07.??"]

{7/19} 1. e4 c6 2. d4 d5 3. exd5 cxd5 4. Nf3 Nc6 5. Bd3 e6 6. O-O Nf6 7. c3 Be7
8. Re1 Bd7 9. Nbd2 Rc8 10. Ne5 Bd6 11. f4 Qb6 12. Kh1 O-O 13. Ndf3 Rfd8 14. Qc2
h6 15. Be3 Qc7 16. Bf2 Be7 17. Bh4 Kh8 18. g4 Ng8 19. Qf2 Bxh4 20. Qxh4 Be8 21.
g5 Nxe5 22. fxe5 a6 23. gxh6 Nxh6 24. Rg1 Bb5 25. Rxg7 1-0

[Event "Michigan Class D/E"]
[Site "Grand Rapids, MI"]
[Date "1998.??.??"]
[Round "?"]
[White "Belill, Nathan"]
[Black "Kyser, Bob"]
[Result "0-1"]
[WhiteElo "1605"]
[BlackElo "1605"]
[PlyCount "60"]
[EventDate "1998.01.??"]

1. e4 e5 2. f4 d5 3. exd5 e4 4. Bc4 Nf6 5. Nc3 Bg4 6. Nge2 Bc5 7. h3 Bxe2 8.
Qxe2 Qe7 9. a3 Nbd7 10. b4 Bd4 11. Bb2 a6 12. O-O-O Nb6 13. Rde1 Bxc3 14. Bxc3
O-O-O 15. Bd3 Rhe8 16. d6 Rxd6 17. b5 Nbd5 18. bxa6 exd3 19. axb7+ Kxb7 20.
Qxd3 Ne4 21. Qb5+ Kc8 22. Be5 Rb6 23. Qxd5 Qxa3+ 24. Kd1 Ng3 25. d3 Rb1+ 26.
Kd2 Qb4+ 27. c3 Rb2+ 28. Kd1 Qa4+ 29. Qb3 Qxb3+ 30. Kc1 Qc2# 0-1

[Event "Michigan Open"]
[Site "Flint, MI"]
[Date "1998.??.??"]
[Round "?"]
[White "Belill, Nathan"]
[Black "Hartwig, Thomas"]
[Result "0-1"]
[WhiteElo "1605"]
[BlackElo "2015"]
[PlyCount "38"]
[EventDate "1998.09.??"]

{9/5} 1. e4 c5 2. Nf3 d6 3. d4 cxd4 4. Nxd4 Nf6 5. Nc3 g6 6. Bc4 Bg7 7. Bb3 O-O
8. f3 Nc6 9. Be3 Bd7 10. Qd2 Rc8 11. O-O-O Ne5 12. h4 h5 13. Bh6 Bxh6 14. Qxh6
Rxc3 15. bxc3 Qc7 16. Qe3 a5 17. a4 Qc5 18. Rhe1 Bxa4 19. Bxa4 Nc4 0-1

[Event "Michigan Amateur"]
[Site "Kalamazoo "]
[Date "1998.??.??"]
[Round "?"]
[White "Belill, Nathan"]
[Black "Councell, Keith"]
[Result "1-0"]
[WhiteElo "1605"]
[BlackElo "1605"]
[PlyCount "41"]
[EventDate "1998.07.??"]

{7/18} 1. d4 c6 2. c4 d5 3. Nc3 dxc4 4. e3 b5 5. Nf3 Nf6 6. a4 a6 7. axb5 cxb5
8. Nxb5 Qb6 9. Na3 e6 10. Nxc4 Bb4+ 11. Bd2 Bxd2+ 12. Qxd2 Qc6 13. Bd3 O-O 14.
O-O Bb7 15. Nce5 Qd5 16. Rfc1 Rd8 17. Ng5 Rf8 18. Qc2 Nbd7 19. Bxh7+ Kh8 20.
Nexf7+ Rxf7 21. Nxf7# 1-0

[Event "Michigan Amateur"]
[Site "Kalamazoo "]
[Date "1998.??.??"]
[Round "?"]
[White "Belill, Nathan"]
[Black "Besher, Al"]
[Result "1-0"]
[WhiteElo "1605"]
[BlackElo "1605"]
[PlyCount "51"]
[EventDate "1998.07.??"]

{7/18} 1. e4 e5 2. Nf3 d6 3. Bc4 h6 4. h3 Nf6 5. Nc3 b6 6. O-O Ba6 7. Bxa6 Nxa6
8. d4 exd4 9. Nxd4 c5 10. Nf5 Nb4 11. Bf4 g6 12. Nxd6+ Bxd6 13. Bxd6 Nxc2 14.
Qxc2 Qxd6 15. e5 Qc6 16. exf6 O-O 17. Rad1 Qxf6 18. Rfe1 Rae8 19. Rxe8 Rxe8 20.
Qd2 Qc6 21. Nd5 Qd6 22. Nc3 Qe6 23. Qd5 Qf6 24. Qd7 Kf8 25. Rd6 Qg7 26. Qxa7 {
[Remainder illegible]} 1-0

[Event "Michigan Class C"]
[Site "Grand Rapids, MI"]
[Date "1998.??.??"]
[Round "?"]
[White "Belill, Mike"]
[Black "Griffin, John"]
[Result "1/2-1/2"]
[WhiteElo "1605"]
[BlackElo "1605"]
[PlyCount "100"]
[EventDate "1998.01.??"]

1. e4 c5 2. Nf3 Nc6 3. d4 cxd4 4. Nxd4 Nf6 5. Nc3 e5 6. Ndb5 d6 7. Bg5 a6 8.
Na3 b5 9. Nd5 Be7 10. Bxf6 Bxf6 11. c3 O-O 12. Be2 Bg5 13. Nc2 Ne7 14. Nce3
Bxe3 15. Nxe3 Be6 16. Bf3 Rb8 17. O-O f5 18. Qd3 f4 19. Nd5 Nxd5 20. exd5 Bf5
21. Be4 Bxe4 22. Qxe4 f3 23. g3 Rc8 24. Rfe1 Qd7 25. Qd3 Qh3 26. Qf1 Qf5 27. a4
Rf6 28. axb5 axb5 29. Qxb5 Rh6 30. Qf1 e4 31. Ra4 Re8 32. Re3 Qh5 33. h4 Qf5
34. Kh2 g5 35. Qh3 g4 36. Qf1 Qxd5 37. Qc4 Qxc4 38. Rxc4 d5 39. Rd4 Rd6 40. c4
Red8 41. c5 Ra6 42. Rexe4 h5 43. Re5 Ra2 44. Rd2 Kf7 45. Rxh5 Re8 46. Rhxd5 Re1
47. c6 Raa1 48. Rd7+ Ke6 49. R2d6+ Ke5 50. Rd5+ Ke6 1/2-1/2

[Event "Michigan Class C"]
[Site "Grand Rapids, MI"]
[Date "1998.??.??"]
[Round "?"]
[White "Belill, Mike"]
[Black "Bloch, Hermann"]
[Result "0-1"]
[WhiteElo "1605"]
[BlackElo "1605"]
[PlyCount "72"]
[EventDate "1998.01.??"]

1. e4 d6 2. d4 Nf6 3. Nc3 e6 4. f4 Be7 5. Nf3 Nbd7 6. Bd3 g6 7. O-O O-O 8. f5
Nh5 9. Bh6 Ng7 10. fxe6 fxe6 11. Qd2 Rf7 12. Rf2 c5 13. d5 Ne5 14. Raf1 Ng4 15.
Re2 e5 16. h3 Nxh6 17. Qxh6 Rxf3 18. Qd2 Rxf1+ 19. Kxf1 Nh5 20. Rf2 Bg5 21. Qd1
Ng3+ 22. Ke1 Bh4 23. Qf3 Nh5 24. Qf7+ Kh8 25. Ne2 Bxf2+ 26. Kxf2 Qf6+ 27. Qxf6+
Nxf6 28. Nc3 a6 29. Na4 b5 30. Nc3 Bd7 31. g4 h6 32. Kg3 g5 33. Kf3 Rf8 34. Ke3
h5 35. gxh5 Nxh5 36. Be2 Nf4 0-1

[Event "Michigan Open Reserve"]
[Site "Flint, MI"]
[Date "1998.??.??"]
[Round "?"]
[White "Bedy, N."]
[Black "Krimmel, J."]
[Result "1-0"]
[WhiteElo "1605"]
[BlackElo "1605"]
[PlyCount "57"]
[EventDate "1998.09.??"]

1. d4 d5 2. e4 dxe4 3. Nc3 Nf6 4. f3 exf3 5. Nxf3 Bg4 6. h3 Bxf3 7. Qxf3 c6 8.
Be3 e6 9. Bd3 Bb4 10. O-O Nbd7 11. Ne4 O-O 12. Nxf6+ Nxf6 13. c3 Be7 14. Rf2 h6
15. Raf1 Rc8 16. Qg3 Nh5 17. Qg4 Nf6 18. Rxf6 Bxf6 19. Bxh6 Rc7 20. Rxf6 Qxf6
21. Bg5 Qxg5 22. Qxg5 g6 23. h4 Kg7 24. Qe5+ f6 25. Qxc7+ Rf7 26. Qg3 f5 27.
Qg5 b6 28. h5 Rf6 29. h6+ 1-0

[Event "Michigan Class C"]
[Site "Grand Rapids, MI"]
[Date "1998.??.??"]
[Round "?"]
[White "Bedy, N."]
[Black "Foord, Larry"]
[Result "0-1"]
[WhiteElo "1605"]
[BlackElo "1605"]
[PlyCount "74"]
[EventDate "1998.01.??"]

1. d4 d5 2. e4 dxe4 3. Nc3 Nf6 4. f3 exf3 5. Nxf3 Bf5 6. h3 h6 7. g4 Bh7 8. Ne5
c6 9. Bg2 e6 10. Bf4 Bb4 11. O-O O-O 12. g5 hxg5 13. Bxg5 Be7 14. Qd2 Nbd7 15.
Nxd7 Nxd7 16. Be3 Nb6 17. Qe2 Nd5 18. Bxd5 cxd5 19. Rf2 Rc8 20. Raf1 Bb4 21.
Qg4 Bf5 22. Rxf5 exf5 23. Rxf5 Bxc3 24. bxc3 Rc6 25. Rg5 g6 26. Rh5 f5 27. Qg2
Rf7 28. Bf4 Rh7 29. Rxf5 Rd7 30. Qg3 Kh7 31. Bg5 Qe8 32. Rf2 Qe1+ 33. Kh2 Qxc3
34. Qh4+ Kg8 35. Bf6 Rh7 36. Qg3 Qxg3+ 37. Kxg3 Rf7 0-1

[Event "Michigan Open Reserve"]
[Site "Flint, MI"]
[Date "1998.??.??"]
[Round "?"]
[White "Bedy, N."]
[Black "Choate, Eric"]
[Result "1-0"]
[WhiteElo "1605"]
[BlackElo "1605"]
[PlyCount "87"]
[EventDate "1998.09.??"]

1. d4 d5 2. e4 e6 3. Be3 Nc6 4. e5 Nge7 5. c3 Nf5 6. Nf3 Nxe3 7. fxe3 Be7 8.
Bd3 h6 9. O-O O-O 10. Nbd2 f6 11. exf6 Bxf6 12. e4 dxe4 13. Nxe4 Bd7 14. Qe2
Qe7 15. Rae1 Rae8 16. Nc5 Bc8 17. Bg6 Rd8 18. Nxe6 Bxe6 19. Qxe6+ Kh8 20. Qxe7
Nxe7 21. Bc2 Nd5 22. Ne5 Kg8 23. Bb3 c6 24. Bxd5+ Rxd5 25. Ng6 Rfd8 26. Ne7+
Bxe7 27. Rxe7 R5d7 28. Rfe1 Kf8 29. Rxd7 Rxd7 30. Kf2 Rf7+ 31. Ke2 Re7+ 32. Kd2
Rxe1 33. Kxe1 Ke7 34. Ke2 Ke6 35. Ke3 b5 36. Ke4 g6 37. g4 g5 38. b3 a5 39. a4
bxa4 40. bxa4 Kf6 41. d5 cxd5+ 42. Kxd5 Ke7 43. c4 Kd7 44. Kc5 1-0

[Event "Kalamazoo Mini-Swiss.1"]
[Site "Kalamazoo, MI"]
[Date "1998.??.??"]
[Round "?"]
[White "Beckwith, Stan"]
[Black "Treacy, Joe"]
[Result "1/2-1/2"]
[WhiteElo "1725"]
[BlackElo "1605"]
[PlyCount "75"]
[EventDate "1998.??.??"]

1. d4 Nf6 2. c4 c5 3. d5 b5 4. cxb5 a6 5. Nc3 axb5 6. Nxb5 g6 7. Nc3 Bg7 8. e4
d6 9. Bd3 O-O 10. h3 Ba6 11. Nf3 Qb6 12. O-O Bxd3 13. Qxd3 Na6 14. Qe2 Rfb8 15.
e5 dxe5 16. Nxe5 Nb4 17. Nc4 Qb7 18. Bf4 Rd8 19. d6 exd6 20. Nxd6 Qa7 21. Ncb5
Qd7 22. Qc4 Na6 23. Rad1 Ne8 24. Rd2 Nxd6 25. Nxd6 Qe7 26. Rfd1 Bd4 27. Re2 Qf8
28. Nb5 Bxf2+ 29. Kxf2 Rxd1 30. a3 Rad8 31. Nc3 R1d4 32. Qxa6 Rxf4+ 33. Kg1 Qg7
34. Kh2 Qd4 35. Qb5 Qd6 36. Kg1 Qd4+ 37. Kh2 Qd6 38. Kg1 1/2-1/2

[Event "Michigan Amateur"]
[Site "Kalamazoo "]
[Date "1998.??.??"]
[Round "?"]
[White "Beckwith, Stan"]
[Black "Moore, Robert"]
[Result "0-1"]
[WhiteElo "1770"]
[BlackElo "1630"]
[PlyCount "82"]
[EventDate "1998.07.??"]

{7/18} 1. d4 g6 2. e4 Bg7 3. Nf3 d6 4. Nc3 e5 5. d5 Nf6 6. Be2 O-O 7. Bg5 Nbd7
8. b4 Nb6 9. a4 Bg4 10. a5 Bxf3 11. gxf3 Nc8 12. Qd2 Ne7 13. a6 bxa6 14. Rxa6
Qd7 15. h3 Rfb8 16. Na4 Nc8 17. c4 Nb6 18. b5 Nh5 19. Kf1 f5 20. Bh6 Rf8 21.
Nb2 fxe4 22. fxe4 Ng3+ 23. Kg2 Nxh1 24. Bg4 Qe7 25. Kxh1 Bxh6 26. Qxh6 Rxf2 27.
Nd3 Rf1+ 28. Kg2 Qf6 29. c5 dxc5 30. Qe3 Rf8 31. Qxc5 h5 32. Be6+ Kh8 33. Qe3
g5 34. Rxa7 Nc4 35. Qe2 Qf3+ 36. Qxf3 R8xf3 37. Ra8+ Rf8 38. Ra7 Ne3+ 39. Kh2
Rd1 40. Ra3 Rd2+ 41. Kg3 h4# 0-1